Sudden Death - Soundtracks by Hans Zimmer - Statistics

General Stats
  • This quiz has been taken 85 times
  • The average score is 7 of 18
Answers on the Grid
Answers color-coded by a green-red scale on the quiz's grid according to % correct below.
Thelma and Louise
A League of Their Own
The Lion King
The Prince of Egypt
Gladiator
The Dark Knight
Kung fu Panda
The Da Vinci Code
Inception
Rush
Interstellar
Dunkirk
Blade Runner 2049
Dune
No Time to Die
Top Gun:Maverick
F1 the movie
Pirates of the Caribbean: The Curse of the Black Pearl
Schindler's list
Harry Potter and the Philosopher's Stone
Jaws
Jurassic Park
Star Wars
Saving Private Ryan
Raiders of the Lost Arc
The Lord of the Rings: The Fellowship of the Ring
Titanic
Psycho
The Batman
Braveheart
 
Answer Stats
Answer % Correct
Interstellar
63%
Inception
60%
Dune
56%
Pirates of the Caribbean: The Curse of the Black Pearl
54%
The Dark Knight
52%
Gladiator
46%
The Lion King
44%
F1 the movie
42%
Blade Runner 2049
40%
The Da Vinci Code
40%
Dunkirk
38%
Top Gun:Maverick
38%
The Prince of Egypt
33%
No Time to Die
31%
Kung fu Panda
27%
Rush
19%
A League of Their Own
17%
Thelma and Louise
15%
No matching quizzes found
Score Distribution
Percent of People with Each Score
Percentile by Number Answered
Your Score History
You have not taken this quiz